Statistics for NBA season blocks leaders

Click here to take the quiz!

General Stats

  • This quiz has been taken 73 times
    (33 since last reset)
  • The average score is 35 of 46

Answer Stats

Year Leader Team Blocks/game % Correct
1996Dikembe MutomboNuggets4,49
100%
2010Dwight HowardMagic2,78
97%
1993Hakeem OlajuwonRockets4,17
97%
1980Kareem Abdul-JabbarLakers3,41
94%
2018Anthony DavisPelicans2.57
94%
1992David RobinsonSpurs4,49
91%
2013Serge IbakaThunder3,03
91%
2000Alonzo MourningHeat3,72
88%
2016Hassan WhitesideHeat3,68
88%
2002Ben WallacePistons3,48
88%
2017Rudy GobertJazz2,64
85%
1988Mark EatonJazz3,71
79%
2008Marcus CambyNuggets3,61
76%
1989Manute BolWarriors4,31
73%
1977Bill WaltonTrail Blazers3,25
70%
2019Myles TurnerPacers2,69
70%
2011Andrew BogutBucks2,58
64%
1997Shawn BradleyNets/Mavericks3,40
61%
2005Andrei KirilenkoJazz3,32
61%
1983Tree RollinsHawks4,29
42%
1974Elmore SmithLakers4,85
39%
1982George T. JohnsonSpurs3,12
36%
2004Theo RatliffHawks/Trail Blazers3,61
33%

Score Distribution

Percentile by Number Answered

Percent of People with Each Score

Your Score History

You have not taken this quiz since the last reset